000 00479nam a2200205Ia 4500
005 20240823050759.0
008 240823s9999||||xx |||||||||||||| ||und||
020 _a0-07-058911-9
041 _aENGLISH
082 _A512.5 Q1
100 _aSeymourLipschutz
245 0 _aLinear Algebra
250 _a3rd
260 _c2011
_b"Tata Mcgraw Hill,New "
500 _aYES
650 _aLiner Algebra
_bMathematics
700 _a Marc Lipson
942 _cBK
999 _c218038
_d218038